| 000 | 00425cam a2200157ua 4500 | ||
|---|---|---|---|
| 999 |
_c3126 _d3126 |
||
| 082 |
_a519.0624 _bWYL/AD |
||
| 100 |
_aWylie, C. Ray . _93205 |
||
| 245 | _aAdvanced engineering mathematics / | ||
| 250 | _a6 / | ||
| 260 |
_aNew York : _bMcGraw Hill Book Company , _c1995. |
||
| 300 | _a1362 ; . | ||
| 500 | _a18928, 19143, 19144 CSS | ||
| 700 | 1 |
_aBarreti, Louis C. _93206 |
|
| 700 | 1 |
_aWylie, Louis C. _93207 |
|
| 942 | _cBBS | ||